Statystyki dla Wszyscy Zawodnicy Borussi Dortmund 14.10.2020

Kliknij tutaj aby rozwiązać quiz!

Ogólne statystyki

  • Ten quiz został rozwiązany 65 razy
  • Średni wynik to 16 z 27

Statystyki odpowiedzi

PozycjaPiłkarz% Poprawnych
BRBurki
98%
ŚPOReus
92%
ŚOHummels
89%
NHaaland
88%
POPIszczek
88%
PNSancho
77%
LNHazard
74%
ŚPBrandt
72%
LOSchmelzer
72%
ŚOAkanji
71%
LPGuerreiro
69%
BRHitz
69%
ŚPDWitsel
69%
ŚPDCan
68%
ŚPDahoud
62%
ŚOZagadou
62%
ŚPBellingham
55%
POMeunier
52%
ŚPDelaney
49%
LOSchulz
49%
ŚPOReyna
46%
POMorey
35%
NMoukoko
35%
POPasslack
32%
BRUnbehaun
17%
ŚPOReiner
12%
ŚPDRaschl
11%

Rozkład punktacji

Percentyl według liczby udzielonych odpowiedzi

Procent ludzi z każdym wynikiem

Twoja historia wyników

Nie rozwiązałeś tego quizu